000
00306nam a2200097Ia 4500
082
_a
623.8882 PAWS
245
0
_a
Des Pawson's knot craft : the book that makes all other knot books work
100
_a
PAWSON, Des London, 2003
_9
96477
942
_c
BK
008
210817s9999 xx 000 0 und d
999
_c
405407
_d
405406